000 02263cam a22003494a 4500
999 _c4227
_d4227
001 318873347
003 OCoLC
005 20190329132303.0
008 090810s2010 cou b 000 0 eng
010 _a2009934565
020 _a9781434766304 (pbk.)
020 _a1434766306 (pbk.)
020 _a9781434700896 (ebk.)
020 _a1434700895 (ebk.)
035 _a(OCoLC)318873347
040 _aDLC
_cDLC
_dBTCTA
_dEYP
_dYDXCP
_dMZN
082 _aREF 222.1
_bW648B
090 _aBS491.3
_b.B4
100 1 _aWiersbe, Warren W
245 1 0 _aBe authentic :
_bexhibiting real faith in the real world : OT commentary, Genesis 25-50 /
_cWarren W. Wiersbe
250 _a2nd ed., updated
260 _aColorado Springs, CO :
_bDavid C. Cook,
_c2010
300 _a216 p. ;
_c21 cm
490 1 _a"BE" commentary series
500 _a"BE commentary series"--P. [4] of cover
504 _aIncludes bibliographical references (p. 201-216)
505 0 _aThe big idea: an introduction to Be authentic by Ken Baugh -- A word from the author -- Like Father, like Son-almost (Genesis 25-26) -- A masterpiece in pieces (Genesis 27-28) -- Disciplines and decisions (Genesis 29-31) -- Catching up with yesterday (Genesis 32-34) -- You can go home again (Genesis 35-36) -- Enter the hero (Genesis 37) -- Interlude: Judah and Tamar (Genesis 38) -- The Lord makes the difference (Genesis 39-40) -- When dreams come true (Genesis 42-43) -- Truth and consequences (Genesis 44-45) -- Grandfather knows best (Genesis 46-48) -- The family with a future (Genesis 49) -- Three coffins (Genesis 50) -- Be authentic: a survey and a summary
520 _aLife is full of imitations. Which is why today's culture needs genuine, transparent people of God. Believers who crave real spiritual growth. But what does that look like? ... Now updated with study questions and a new introduction, Dr. Wiersbe shares the vital need for authenticity in an artificial world. Through this commentary, you will discover how to pursue authentic relationships with others and God and how to live out your faith in an irresistible, compelling way--P. [4] of cover
630 0 0 _aBible.
_pGenesis XXV-L
_xCriticism, interpretation, etc
830 0 _a"BE" commentary series
942 _2ddc
_cREF